000 00649nam a22001817a 4500
005 20230224114600.0
008 230224s1995 xxu |||gr|||| 00| 0 eng d
040 _aCO-BoUCM
_bspa
_cDeissy Garcia
_dDeissy Garcia
041 0 _aeng
100 1 _9176875
_aHanon, Charles Louis
_d1820-1900
245 1 0 _aHanon complete
_bthe virtuoso pianist: sixty exercises
_cHanon
260 _aEstados Unidos
_bJ.T. Publications
_c1995
300 _a1 partitura (115 páginas)
650 7 _aPiano
_vMétodos y ejercicios
_9176876
650 7 _aPiano
_vPartituras
_9176595
942 _2DEWEY
_a17
_cLIBRO
_e1
_h786.2
_mH247h
_n0
999 _c322323
_d322323